| 000 | 00949cam a2200229 4500 | ||
|---|---|---|---|
| 001 | WB3821-12 | ||
| 008 | 020612n2002 000 0 eng u | ||
| 035 | _a(Sirsi) u118384 | ||
| 245 | _aLand use change in England | ||
| 260 | _c2002 | ||
| 490 |
_aDTLR News Release _v (2002/0224) 28 May 2002, (5) |
||
| 520 | _aNew statistics provide information on residential development in England including the 2001 estimate of the proportion of new dwellings provided on previously developed land. Data on density of new housing, residential development within Green Belts and within flood risk areas is also given. http://www.press.dtlr.gov.uk/pns/DisplayPN.cgi?pn_id=2002_0224 | ||
| 590 | _aWB | ||
| 650 | _aBROWNFIELD DEVELOPMENT | ||
| 650 | _aGREEN BELTS | ||
| 650 | _aFLOOD RISK AREAS | ||
| 650 | _aRESIDENTIAL DEVELOPMENT | ||
| 650 | _aPREVIOUSLY DEVELOPED LAND | ||
| 650 | _aNEW DWELLINGS | ||
| 690 | _aHOUSING-DEVELOPMENT | ||
| 942 | _n0 | ||
| 999 |
_c70465 _d70465 |
||